Students at Jujutsu High - Statistics

General Stats
  • This quiz has been taken 23 times
  • The average score is 11 of 16
Answer Stats
Hint Answer % Correct
2nd Year, Tokyo Toge Inumaki
100%
2nd Year, Tokyo Panda
95%
1st Year, Tokyo Yuji Itadori
95%
1st Year, Tokyo Megumi Fushiguro
89%
1st Year, Tokyo Nobara Kugisaki
89%
3rd Year, Kyoto Aoi Todo
84%
3rd Year, Tokyo Kinji Hakari
84%
2nd Year, Tokyo Maki Zenin
84%
2nd Year, Kyoto Mai Zenin
79%
2nd Year, Kyoto Kasumi Miwa
63%
2nd Year, Tokyo Yuta Okkotsu
63%
3rd Year, Kyoto Noritoshi Kamo
53%
3rd Year, Tokyo Kirara Hoshi
47%
1st Year, Kyoto Arata Nitta
32%
2nd Year, Kyoto Kokichi Muta
32%
3rd Year, Kyoto Momo Nishimiya
32%
No matching quizzes found
Score Distribution
Percent of People with Each Score
Percentile by Number Answered
Your Score History
You have not taken this quiz